| 000 | 00337nam a2200145Ia 4500 | ||
|---|---|---|---|
| 008 | 200615s9999||||xx |||||||||||||| ||und|| | ||
| 020 | _a9789352531967 | ||
| 082 |
_a540 _bATE-B |
||
| 100 | _aBAHL,BS | ||
| 245 | 2 | _aA TEXTBOK OF ORGANIC CHEMISTRY | |
| 250 | _a1ST | ||
| 260 |
_aNEW DELHI _bS.CHAND _c2018 |
||
| 300 | _a1108 | ||
| 942 | _cBK | ||
| 999 |
_c30945 _d30945 |
||